header

High performance computing systems and applications and OSCAR symposium (Record no. 210197)

MARC details
000 -LEADER
fixed length control field 01236nam a2200277Ia 4500
245 00 - TITLE STATEMENT
Title High performance computing systems and applications and OSCAR symposium
260 ## - PUBLICATION, DISTRIBUTION, ETC. (IMPRINT)
Place of publication Quebec :
Name of publisher NRC Research Press,
Year of publication c2003.
300 ## - PHYSICAL DESCRIPTION
Number of Pages x, 318 p. :
Other physical details ill.
650 #0 - SUBJECT ADDED ENTRY--TOPICAL TERM
Topical Term High performance computing
Topical Term Electronic data processing.
856 40 - ELECTRONIC LOCATION AND ACCESS
Uniform Resource Identifier http://site.ebrary.com/lib/rucke/Doc?id=10114333

No items available.

© 2026 Rongo University
Contact us: librarian | system librarian | Rongo university